Zážitkové centrum vedy s planetáriom, Bratislava

Salvato in:
Dettagli Bibliografici
Autore principale: Váleková, Martina (Autore)
Altri autori: Tóthová, Zuzana (Relatore della tesi)
Natura: Manoscritto Libro
Lingua:slovacco
Pubblicazione: 2025
Soggetti:
Accesso online:http://is.stuba.sk/zp/portal_zp.pl?podrobnosti=185258
Tags: Aggiungi Tag
Nessun Tag, puoi essere il primo ad aggiungerne!!

MARC

LEADER 00000ntm a22000003a 4500
001 stuzp104442
003 SK-STU
005 20250607210523.1
007 ta
008 150427s2015----xo-----f-mn---000-0-slo-d
040 |a STU  |b slo 
041 0 |a slo 
100 1 |a Váleková, Martina  |u 051110  |4 aut  |U FAD Fakulta architektúry a dizajnu  |T FAD Ústav architektúry obytných budov  |X 103632  |U A1110  |Y 392  |7 103632 
242 0 1 |a Interactive Science Center with Planetarium  |y eng 
245 1 0 |a Zážitkové centrum vedy s planetáriom, Bratislava 
260 |c 2025 
650 4 |a Bratislava  |2 eng 
650 4 |a Science Experience Centre  |2 eng 
650 4 |a kinetic façade  |2 eng 
650 4 |a object  |2 eng 
650 4 |a Planetarium  |2 eng 
650 4 |a design  |2 eng 
650 4 |a Mlynská dolina  |2 eng 
650 4 |a návrh  |2 slo 
650 4 |a Mlynská dolina  |2 slo 
650 4 |a Zážitkové centrum vedy  |2 slo 
650 4 |a objekt  |2 slo 
650 4 |a Bratislava  |2 slo 
650 4 |a Planetárium  |2 slo 
650 4 |a kinetická fasáda  |2 slo 
700 1 |a Tóthová, Zuzana  |u 051110  |k Z1  |4 ths  |U FAD Fakulta architektúry a dizajnu  |T FAD Ústav architektúry obytných budov  |X 389  |U A1110  |Y 392  |7 A000000389 
856 4 |u http://is.stuba.sk/zp/portal_zp.pl?podrobnosti=185258